Peloponnesos ; eine historisch-geographische Beschreibung der Halbinsel /

Bibliographic Details
Main Author: Curtius, Ernst, 1814-1896
Format: Book
Language:German
Published: Gotha : J. Perthes, 1851-52.
Subjects:

MARC

Tag First Indicator Second Indicator Subfields
LEADER 00000cam a2200000 4500
001 in00000015556
005 20151007052536.0
008 831128m18511852gw abe 00010 ger
010 |a  04034796  
035 |a (OCoLC)10166960 
035 |9 AAA8226AM 
040 |a DLC  |c LYU  |d LYU  |d TXA  |d UtOrBLW 
049 |a TXAM  |v 1 [A11485260]  |v 2 [A11485278] 
050 0 0 |a DF725  |b .C97 
100 1 |a Curtius, Ernst,  |d 1814-1896. 
245 1 0 |a Peloponnesos ;  |b eine historisch-geographische Beschreibung der Halbinsel /  |c Von Ernst Curtius ... Mit Karten und eingedruckten Holzschnitten. 
264 1 |a Gotha :  |b J. Perthes,  |c 1851-52. 
300 |a 2 volumes :  |b illustrations, 29 folded maps and plans (including frontispiece) ;  |c 23 cm. 
336 |a text  |b txt  |2 rdacontent 
337 |a unmediated  |b n  |2 rdamedia 
338 |a volume  |b nc  |2 rdacarrier 
651 0 |a Peloponnesus (Greece : Peninsula) 
651 0 |a Greece  |x Description and travel. 
999 |a MARS 
999 f f |s a2414526-89a6-381d-8cda-79cfc2ce622f  |i 7e3a74be-42a0-3d79-ac8d-bfbef76f5083  |t 0 
952 f f |p ric  |a Texas A&M University  |b Rellis Campus  |c Joint Library Facility  |d Remote Storage  |t 0  |e DF725 .C97  |h Library of Congress classification  |i unmediated -- volume  |k Bd.2  |m A14811485278 
952 f f |p ric  |a Texas A&M University  |b Rellis Campus  |c Joint Library Facility  |d Remote Storage  |t 0  |e DF725 .C97  |h Library of Congress classification  |i unmediated -- volume  |k Bd.1  |m A14811485260 
998 f f |a DF725 .C97  |s Bd.1-Bd.2  |t 0  |l Remote Storage